2001 MLB Playoff Lineups - Statistics

General Stats
  • This quiz has been taken 28 times
  • The average score is 42 of 106
Answer Stats
Hint Hint Answer % Correct
New York Yankees SS Derek Jeter
92%
Atlanta Braves CF Andruw Jones
83%
Atlanta Braves 3B Chipper Jones
83%
Seattle Mariners DH Edgar Martinez
83%
Oakland Athletics 1B Jason Giambi
83%
Oakland Athletics DH Jeremy Giambi
83%
New York Yankees C Jorge Posada
83%
Arizona Diamondbacks SP Randy Johnson
83%
Arizona Diamondbacks SP Curt Schilling
75%
Seattle Mariners RF Ichiro Suzuki
75%
New York Yankees 1B Tino Martinez
75%
St. Louis Cardinals LF Albert Pujols
67%
New York Yankees SP Andy Pettitte
67%
New York Yankees CF Bernie Williams
67%
Houston Astros 2B Craig Biggio
67%
Houston Astros 1B Jeff Bagwell
67%
Cleveland Indians 1B Jim Thome
67%
New York Yankees MGR Joe Torre
67%
Cleveland Indians RF Juan Gonzalez
67%
Arizona Diamondbacks LF Luis Gonzalez
67%
Arizona Diamondbacks 3B Matt Williams
67%
St. Louis Cardinals SP Woody Williams
67%
New York Yankees 2B Alfonso Soriano
58%
Cleveland Indians 2B Roberto Alomar
58%
New York Yankees SP Roger Clemens
58%
St. Louis Cardinals MGR Tony LaRussa
58%
Arizona Diamondbacks SP Albie Lopez
50%
Oakland Athletics SP Barry Zito
50%
Arizona Diamondbacks MGR Bob Brenly
50%
Atlanta Braves MGR Bobby Cox
50%
Seattle Mariners 2B Bret Boone
50%
Arizona Diamondbacks 2B Craig Counsell
50%
Seattle Mariners C Dan Wilson
50%
New York Yankees DH David Justice
50%
Atlanta Braves C Javy Lopez
50%
St. Louis Cardinals CF Jim Edmonds
50%
Houston Astros LF Lance Berkman
50%
Oakland Athletics SS Miguel Tejada
50%
New York Yankees SP Orlando Hernandez
50%
New York Yankees RF Paul O’Neill
50%
Oakland Athletics C Ramon Hernandez
50%
New York Yankees 3B Scott Brosius
50%
St. Louis Cardinals SP Bud Smith
42%
Cleveland Indians SP Chuck Finley
42%
New York Yankees LF Chuck Knoblauch
42%
Oakland Athletics 3B Eric Chavez
42%
Atlanta Braves SP Greg Maddux
42%
Oakland Athletics CF Johnny Damon
42%
Atlanta Braves 1B Julio Franco
42%
Cleveland Indians CF Kenny Lofton
42%
Seattle Mariners MGR Lou Piniella
42%
Arizona Diamondbacks 1B Mark Grace
42%
St. Louis Cardinals 1B Mark McGwire
42%
Seattle Mariners CF Mike Cameron
42%
New York Yankees SP Mike Mussina
42%
Arizona Diamondbacks CF Steve Finley
42%
Atlanta Braves SP Tom Glavine
42%
Arizona Diamondbacks SS Tony Womack
42%
Oakland Athletics MGR Art Howe
33%
Houston Astros C Brad Ausmus
33%
Cleveland Indians SP C.C. Sabathia
33%
Seattle Mariners 3B David Bell
33%
St. Louis Cardinals SS Edgar Renteria
33%
Seattle Mariners SP Freddy Garcia
33%
Oakland Athletics SP Mark Mulder
33%
St. Louis Cardinals C Mike Matheny
33%
Cleveland Indians 3B Omar Vizquel
33%
Arizona Diamondbacks RF Reggie Sanders
33%
Oakland Athletics SP Tim Hudson
33%
Cleveland Indians SP Bartolo Colon
25%
Arizona Diamondbacks SP Brian Anderson
25%
St. Louis Cardinals SP Darryl Kile
25%
Seattle Mariners 1B John Olerud
25%
Atlanta Braves 2B Marcus Giles
25%
St. Louis Cardinals SP Matt Morris
25%
Houston Astros RF Moises Alou
25%
Seattle Mariners SP Aaron Sele
17%
Atlanta Braves RF Brian Jordan
17%
Arizona Diamondbacks C Damian Miller
17%
Cleveland Indians C Einar Diaz
17%
St. Louis Cardinals 2B Fernando Viña
17%
Seattle Mariners SP Jamie Moyer
17%
St. Louis Cardinals RF J.D. Drew
17%
Arizona Diamondbacks SP Miguel Batista
17%
St. Louis Cardinals 3B Placido Polanco
17%
Oakland Athletics LF Terrence Long
17%
Cleveland Indians SS Travis Fryman
17%
Houston Astros SP Wade Miller
17%
Cleveland Indians MGR Charlie Manuel
8%
Oakland Athletics SP Cory Lidle
8%
Oakland Athletics RF Jermaine Dye
8%
Atlanta Braves SP John Burkett
8%
Houston Astros SS Julio Lugo
8%
Houston Astros MGR Larry Dierker
8%
Seattle Mariners SS Mark McLemore
8%
Cleveland Indians LF Marty Cordova
8%
Seattle Mariners SP Paul Abbott
8%
Atlanta Braves SS Rey Sanchez
8%
Houston Astros CF Richard Hidalgo
8%
Houston Astros SP Shane Reynolds
8%
Houston Astros 3B Vinny Castilla
8%
Atlanta Braves LF B.J. Surhoff
0%
Houston Astros SP Dave Mlicki
0%
Cleveland Indians DH Ellis Burks
0%
Oakland Athletics 2B Frank Menechino
0%
Seattle Mariners LF Stan Javier
0%
No matching quizzes found
Score Distribution
Percent of People with Each Score
Percentile by Number Answered
Your Score History
You have not taken this quiz